000 00837cas a2200241za 4500
005 20250329173736.0
007 c ---
008 210302uuuuuuuuu uu p o u0 a0eng d
022 _a2619-6263
040 _aCO-CtgCURN
_bspa
_ccoctgcurn
082 0 4 _a657
_bA837
110 2 _aAsociación Colombiana de Facultades de Contaduría Pública.
245 1 0 _aRevista colombiana de contabilidad.
260 _aColombia :
_bAsociación Colombiana de Facultades de Contaduría Pública
500 _aRefereed/Peer-reviewed.
506 0 _fUnrestricted online access
_2star.
650 4 _aContaduría
_xPeriodicas.
650 4 _aContabilidad
_xPeriodicas.
776 0 _x2339-3645
856 7 _uhttps://ojs.asfacop.org.co/index.php/asfacop
_zClic aqui para ver el texto completo
906 _aJOURNAL
999 _c8074
_d8074